| 000 | 00417nam a22001697a 4500 | ||
|---|---|---|---|
| 005 | 20180206125149.0 | ||
| 008 | 160627b xxu||||| |||| 00| 0 eng d | ||
| 020 | _a81-7029-707-9 | ||
| 041 | _aeng | ||
| 082 |
_b10675 _a005.3 |
||
| 100 |
_aStultz. Russell A _92993 |
||
| 245 | _aLearn Microsoft Word 7.0 for windows 95 in a day | ||
| 260 |
_bBPB _c1996 |
||
| 300 | _a154 | ||
| 440 |
_aManagement _92621 |
||
| 942 | _cBK | ||
| 999 |
_c4327 _d4326 |
||